LEADER 01128nam a2200217 i 4500 001 000000005922 003 CaOOAMICUS 005 20220317141333.0 008 180830s1827 it u000 u ita u 040 $aSeMil$bita 110 2 $aPia Associazione de' Libri morali .$0(OLS)http://semarc/name/8326 245 10$aVerità di teologia naturale dedotte da' soli principj di ragione opera classica scelta a far parte de' libri morali che si pubblicano per cura della Pia Associazione. Vol. 1. [-2.]. 260 $aVenezia :$bDalla Tip. Gov. di Giuseppe Gattei,$c1827. 300 $a2 v. ;$c12°. 500 $aLegati insieme i 2 vol. 700 1 $aGattei, Giuseppe,$c.$0(OLS)http://semarc/name/2948 774 0 $tVol. 1.$g1$w()67746 774 0 $tVol. 2.$g2$w()220966 996 $6245$aVerità di teologia naturale dedotte da' soli principj di ragione opera classica scelta a far parte de' libri morali che si pubblicano per cura della Pia Associazione. Vol. 1. [-2.]$9(OLS)http://semarc/title/8130 996 $6260$aVenezia :$bDalla Tip. Gov. di Giuseppe Gattei$9(OLS)http://semarc/publisher/31640 LEADER 01225nam a2200313 i 4500 001 000000124162 003 CaOOAMICUS 005 20040315000000.0 008 040315s1989 it u000 u ita u 013 $a96859 020 $a88-18-91022-1 040 $aSeMil$bita 100 1 $aSchiele, Egon <1890-1918>.$0(OLS)http://semarc/name/18379 240 10$aEgon Schiele.$0(OLS)http://semarc/title/182675 245 10$aEgon Schiele /$cFrank Whitford. 260 $aMilano :$bRusconi,$c1989. 300 $a215 p. :$briccamente ill. ;$c21 cm. 490 0 $aRusconi Arte 500 $aContiene : Bibliografia essenziale. - Dalla Biblioteca del Card. Giovanni Colombo. 600 14$aSchiele, Egon.$0(OLS)http://semarc/subject/7751 700 1 $aWhitford, Frank.$0(OLS)http://semarc/name/51571 830 0$aRusconi Arte.$0(OLS)http://semarc/title/14775 850 $aSeMil 852 $aSeMil$W1$xVenegono$y1$m5Q I 79$j78778$B78778$CSeMilBibl$Z2$F80971 $81 941 1 $a3 961 $aOmaggio: Colombo Card. Giovanni 996 $6020$a88-18-91022-1$9(OLS)http://semarc/number/109884 996 $6245$aEgon Schiele$9(OLS)http://semarc/title/182676 996 $6260$aMilano :$bRusconi$9(OLS)http://semarc/publisher/30258